000 00315nam a22001337a 4500
008 171020b xxu||||| |||| 00| 0 eng d
020 _a0134654773
041 _aeng
080 _23RD
_a338
100 _a54
101 _aMIS
245 _aINFORMATION SYSTEMS MANAGEMENT IN PRACTICE
_cSPRAGUE,R.H
942 _2udc
_cBK
999 _c35137
_d35137